000 00761nam a22002057a 4500
999 _c22249
_d22249
003 AR-CdUCM
008 190425b ||||| |||| 00| 0 spa d
040 _aMUNICIPALIDAD PROVINCIAL DEL CUSCO
_cBIBLIOTECA MUNICIPAL DEL CUSCO
082 _aGaceta/N°10/2005
245 _aGaceta cultural del Perú /
260 _aLima.
_bINC,
_c2005.
300 _a27 páginas. :
_bilustraciones ;
_c28 cm.
440 _aGaceta cultural del Perú.
_nN°10, 2005
_947754
505 _aContenido: Artesanía como protegerla. Fuego perpetuo el legado de Arguedas. -- Manos que guardan especial de arte popular.
650 _aArtesanía peruana
_932595
650 _aPatrimonio cultural
_93805
710 _aInstituto Nacional de Cultura
_99
942 _2ddc
_cPP
945 _arac